Responses for show #277 - Tuesday, October 1, 1985

Chuck Forrest game 2.

Contestants

Bob Devlin, an industrial training director originally from Pittsburgh, Pennsylvania

MaryLou Byrne, a law student from Los Angeles, California

Chuck Forrest, a student from Grand Blanc, Michigan (whose 1-day cash winnings total $18,000)

Jeopardy! Round responses

PRESIDENTIAL QUOTES
"UP" SONGS
BIBLICAL ZOO
GAME SHOWS
U.S. STATES
SUDDEN DEATH
    $100 6
Richard Nixon

Chuck
    $100 18
"Wake Up Little Susie"

MaryLou
    $100 20
(ERRATUM: "Hoards" is how it was spelled on the show, but "hordes" would be more proper here.)

frogs

Chuck
    $100 8
Rice-A-Roni

Bob
    $100 1
Rhode Island

Chuck
    $100 10
suicide

MaryLou
    $200 7
[Alex reads the clue with a southern accent, and MaryLou responds likewise.)

Jimmy Carter

MaryLou
    $200 19
[NOTE: The song lyric is usually given as "up a lazy river..." Chuck's response is accurate as presented.]

up the lazy river

Chuck
    $200 21
leopard

Chuck
    $200 9
(G.E.) College Bowl

Chuck
    $200 2
(Chuck: What is Alabama?)

Georgia

ChuckBob
    $200 11
the cat

Chuck
    $300 12
(Chuck: Who is Woodrow Wilson?)
(MaryLou: Who is Franklin Roosevelt?)

John F. Kennedy

ChuckMaryLou
Triple Stumper
    $300 25
"Upside Down"

MaryLou
    $300 22
dogs

MaryLou
    $300 28
cars

MaryLou
    $300 3
Ohio

Bob
    $300 14
fratricide

MaryLou
    $400 13
[The screen on Chuck's podium goes dark briefly, and then flickers back on during this clue.]

Ronald Reagan

Triple Stumper
    $400 26
(MaryLou: What is [*], baby?)

"Don't Give Up On Us"

MaryLou
    $400 23
kine or cows (or cattle)

Chuck
    $300 29
[MaryLou sways side to side during the music.]

Wheel of Fortune

MaryLou
    $400 4
Idaho

Bob
    $400 15
insecticide

Chuck
    $500 17
Lyndon Baines Johnson

Triple Stumper
    $500 27
[Alex announced the correct response as "Mamma..." rather than "Mammas...".]

"Mammas Don't Let Your Babies Grow Up To Be Cowboys"

Triple Stumper
    $500 24
lion

Triple Stumper
    $500 30
Match Game & Hollywood Squares

Triple Stumper
    $500 5
Maryland

Chuck
    $500 16
euthanasia

Chuck

Scores at the first commercial break (after clue 13):

Chuck MaryLou Bob
$600 $0 $1,000

Scores at the end of the Jeopardy! Round:

Chuck MaryLou Bob
$2,400 $2,000 $1,000

Double Jeopardy! Round responses

AMERICAN INDIANS
HOTELS
GREAT THINKERS
AGRICULTURE
THE NETHERLANDS
"GREEN"
    $200 11
buffalo (bison)

MaryLou
    $200 1
Howard Johnson's

Chuck
    $200 16
Nietzsche

Chuck
    $200 22
(MaryLou: What is Japan?)
...
(Alex: We have less than a minute to go.)

(mainland) China

ChuckMaryLou
    $200 2
wooden shoes

MaryLou
    $200 3
Green Grocer

MaryLou
    $400 15
hominy

Bob
    $400 5
"Hotel California"

MaryLou
    $400 17
Jean-Paul Sartre

Bob
    $400 24
New Mexico

Chuck
    $400 7
guilder

Chuck
    $400 4
green room

Bob
    $600 19
French & English

Bob
    $600 12
Yosemite

MaryLou
    $600 18
Aristotle

Chuck
    $600 25
Australia

Chuck
    $600 8
Delft

Chuck
    $600 6
The Tavern On The Green

Chuck
    $800 23
(MaryLou: Who is Sitting Bull?)

Crazy Horse

ChuckMaryLou
    $800 13
American plan

Bob
    $800 20
(René) Descartes

MaryLou
    $800 26
hunting & fishing

Triple Stumper
    $800 9
Beatrix

Triple Stumper
    $1,500 27
[As Alex named the other three tribes, Chuck named them along with Alex.]
[The end-of-round signal sounds.]

(2 of) the Choctaw, the Chickasaw, the Cherokee, the Creek & the Seminole

Chuck
    $1000 14
Statlers

Chuck
    $1000 21
(Baruch) Spinoza

Triple Stumper
    $1000 10
Suriname

Chuck

Scores at the end of the Double Jeopardy! Round:

Chuck MaryLou Bob
$10,500 $3,400 $3,600
(lock game)

[wagering suggestions for these scores]

Final Jeopardy! Round responses

MOVIES
MaryLouWhat are west and east?
$3,300
BobWhat are east & west?
$3,500
ChuckWhat is west and east?
$2,000
west & east

Final scores:

Chuck MaryLou Bob
$12,500 $6,700 $7,100
2-day champion: $30,500 3rd place: Merillat kitchen & bath cabinetry 2nd place: trip

Game dynamics:

Coryat scores:

Chuck MaryLou Bob
$10,000 $3,500 $3,600
24 R
(including 1 DD),
2 W
15 R
(including 1 DD),
3 W
9 R,
0 W

Combined Coryat: $17,100

The J! Archive is created by fans, for fans. The Jeopardy! game show and all elements thereof, including but not limited to copyright and trademark thereto, are the property of Jeopardy Productions, Inc. and are protected under law. This website is not affiliated with, sponsored by, or operated by Jeopardy Productions, Inc. Join the discussion at JBoard.tv.